| 000 | 00403 a2200133 4500 | ||
|---|---|---|---|
| 005 | 20250524092645.0 | ||
| 082 | _aLECT 519 WON | ||
| 100 | _aWANNACOTT, T. H. | ||
| 245 | _aIntroductory statistics for business and economics. | ||
| 260 |
_aLondon, _bJohn Wiley & Sons, _c1972. |
||
| 300 |
_axviii, 622p.: ill.; charts, figure, graph, table. _bindex, _c22cm. |
||
| 700 | _aWANNACOTT, R .J. | ||
| 942 |
_2ddc _cBKS |
||
| 999 |
_c2602 _d2602 |
||